000 01059nam a22003497a 4500
001 BR2011000822
003 BR-BrBNA
005 20230928103449.0
007 ta
008 230509b bl.||||| |||| 00| 0 por d
040 _aBR-BrBNA
_bpor
_cBiblioteca Nacional de Agricultura
041 _a(Por)
072 _aH50
_b0150
090 _ 0150 BR2011000822
100 1 _aRibeirinho, V.S.
110 1 _aCentro de Energia Nuclear na Agricultura, Piracicaba, SP (Brasil)
_0Tese (Mestre em Ciências)
245 1 _aTransferência de cádmio (111Cd)de fertilizantes para plantas de arroz
260 3 _aPiracicaba, SP (Brasil):
_c2010.
300 _a75 p.
500 _aSummaries (Eng, Por); Bibliography p. 65-75; 19 tables
650 _aARROZ
650 _aCÁDMIO
650 _aMETAL PESADO
650 _aFERTILIZANTE
650 _aRELAÇÃO SOLO-PLANTA
650 _aCONTAMINAÇÃO
650 _aTRANSPORTE DE NUTRIENTE
650 _aESPECTROMETRIA
650 _aMODELO MATEMÁTICO
909 _a202309
_bLucia
_c55
_dLucia Elande
942 _cBK
999 _c75228
_d75228